| 000 | 01186cam a22003617a 4500 | ||
|---|---|---|---|
| 001 | 000018789 | ||
| 003 | CHAP | ||
| 005 | 20220329134246.0 | ||
| 008 | 971013s1958 r 00010 d | ||
| 010 | _a17749 | ||
| 011 | _a18721 | ||
| 035 | _a22806 | ||
| 040 | _cCHAP | ||
| 090 | _aFolleto 1712 | ||
| 100 | 0 | 0 |
_aBlanco Macías, Gonzalo. _913085 |
| 245 | 1 | 3 | _aLa conservación de los bosques y las influencias forestales. |
| 260 |
_aMéxico, D. F. : _b(Senado de la República), _c1958. |
||
| 300 |
_a5 h. : _b: ilus. |
||
| 500 | _aPonencia ante la Comisión Forestal de la H. Cámara de Senadores | ||
| 590 |
_aBATCH-UPD _b10 _c20130110 _lUCH01 _h0214 |
||
| 590 |
_aBATCH-UPD _b10 _c20130110 _lUCH01 _h1609 |
||
| 590 |
_aBATCH-UPD _b10 _c20130409 _lUCH01 _h2231 |
||
| 590 |
_aBATCH-UPD _b10 _c20130410 _lUCH01 _h1005 |
||
| 590 |
_aBATCH-UPD _b10 _c20130914 _lUCH01 _h0642 |
||
| 590 |
_aCONVERSION _b10 _c20130109 _lUCH01 _h1311 |
||
| 590 |
_aE11695DGD _b10 _c20150515 _lUCH01 _h1330 |
||
| 590 |
_aE5995AHE _b05 _c20150113 _lUCH01 _h0931 |
||
| 650 | 1 | 4 |
_aBosques _xInfluencias. _914237 |
| 650 | 1 | 4 |
_aRecursos forestales _xConservación. _995044 |
| 901 | _aBK | ||
| 942 | _cFOLL | ||
| 942 | _n0 | ||
| 999 |
_c17749 _d17749 |
||